[Event "Massy 21th op"]
[Site "Massy "]
[Date "2009.06.28"]
[Round "?"]
[White "Lautier, Eric"]
[Black "Aouizerate, Robert"]
[Result "1-0"]
[WhiteElo "1701"]
[BlackElo "1894"]
[PlyCount "55"]
[EventDate "2009.06.27"]
[EventType "swiss"]
[EventRounds "7"]
[EventCountry "FRA"]
[SourceTitle "EXT 2010"]
[Source "ChessBase"]
[SourceDate "2010.11.25"]
[SourceVersion "1"]
[SourceVersionDate "2010.11.25"]
[SourceQuality "1"]

1. Nf3 Nf6 2. d3 d5 3. g3 g6 4. Bg2 Bg7 5. 0-0 0-0 6. Nbd2 c5 7. e4 e6 8. Bh3 Nc6 9. Re1 b6 10. c3 Bb7 11. e5 Nd7 12. d4 Rc8 13. Nf1 cxd4 14. cxd4 Nb4 15. Ne3 Bh6 16. Bd2 Nd3 17. Ng4 Bxd2 18. Qxd2 Nxe1 19. Nh6+ Kh8 20. Rxe1 f6 21. exf6 Qxf6 22. Ng5 Rce8 23. Ng4 Qe7 24. Nh6 e5 25. dxe5 Nxe5 26. Rxe5 Qd7 27. Rxe8 Qxe8 28. Qd4+ 1-0